Todos os pilotos da história da RedBull (2005-2025) - Statistics

Estatísticas Gerais
  • Esse quiz foi jogado 33 vezes
  • A pontuação média é 9 de 14
Estatísticas das Respostas
Anos na RedBull Nacionalidade Piloto % Correto
2016- Holanda Max Verstappen
96%
2014-2018 Austrália Daniel Ricciardo
87%
2009-2014 Alemanha Sebastian Vettel
87%
2021-2024 México Sergio Pérez
87%
2025- Japão Yuki Tsunoda
83%
2019 França Pierre Gasly
74%
2019-2020 Tailândia Alexander Albon
70%
2025 Austrália Liam Lawson
70%
2007-2013 Nova Zelândia Mark Webber
70%
2015-2016 Rússia Daniil Kvyat
48%
2005-2008 Reino Unido David Coulthard
48%
2005 Itália Vitantonio Liuzzi
26%
2005-2006 Áustria Christian Klien
22%
2006 Holanda Robert Doornbos
17%
Nenhum quiz correspondente encontrado
Distribuição das Pontuações
Porcentagem de Pessoas com Cada Pontuação
Percentil de Números Respondidos
Sua Pontuação Histórica
Você não jogou esse quiz